Movies Quiz

Random Movies or James Bond Quiz

Anagrams of James Bond Films Quiz Stats

 Plays Quiz not verified by Sporcle

Challenge
Share
Tweet
Embed
Score 0/24 Timer 06:00
0 Plays Today
Anagram Film % Correct
Soupy cots???
89.7%
Rec pets???
88.3%
Golfer ding???
86.2%
Sly flak???
84.8%
Nord???
77.9%
Halt blunder???
75.9%
Mr ear nook???
75.2%
Elegy done???
75.2%
Denial vet lied???
73.1%
You tiny cello view???
72.4%
Foe loans cumquat???
66.2%
Dire data honey???
62.8%
Anagram Film % Correct
A joy smitten server screeches???
62.1%
You looney fryers???
61.4%
An icy aerosol???
58.6%
Tail a evil wok???
57.9%
A reminder of over ads???
57.9%
Slightly hate diving???
57.9%
A woeful shirr vomits???
57.2%
Riveter Ed woos Norm???
56.6%
Colleen lick it???
54.5%
Genuine world hotshot???
50.3%
How thyme develops???
49%
Ed might lengthen a hut now???
48.3%

You're not logged in!

Compare scores with friends on all Sporcle quizzes.
Join for Free
OR
Log In

You Might Also Like...

Show Comments

Extras

Top Quizzes Today


Score Distribution

Your Account Isn't Verified!

In order to create a playlist on Sporcle, you need to verify the email address you used during registration. Go to your Sporcle Settings to finish the process.

Report this User

Report this user for behavior that violates our Community Guidelines.

Details: